| 000 | 00693cam a2200217u 4500 | ||
|---|---|---|---|
| 001 | 7855798 | ||
| 005 | 20230710132950.0 | ||
| 008 | 821203s1936 ja 000 0 eng | ||
| 906 |
_a0 _bcbc _cpremunv _du _encip _f19 _gy-gencatlg |
||
| 010 | _a 42025761 | ||
| 035 | _9(DLC) 42025761 | ||
| 040 |
_aDLC _cCarP _dDLC |
||
| 050 | 0 | 0 |
_aPL535 _b.O5 |
| 100 | 1 | _aOrmoto, Ken. [from old catalog] | |
| 245 | 1 | 0 | _aMrs. Ormoto's Japanese conversation; |
| 260 |
_aKobe, Japan, _bKawase & sons _c[1936] |
||
| 300 |
_a4 p.l., 163 p., _b1 l. _c20 cm. |
||
| 650 | 0 |
_aJapanese language _xGrammar. |
|
| 650 | 0 |
_aJapanese language _vConversation and phrase books. |
|
| 991 |
_bc-GenColl _hPL535 _i.O5 _tCopy 1 _wPREM |
||
| 999 |
_c6976 _d6976 |
||